[Event "IND-chT (Women) 21st"]
[Site "Dharamshala"]
[Date "2024.04.03"]
[Round "6.1"]
[White "Vishwa, Vasnawala"]
[Black "Nishad, Monika"]
[Result "1-0"]
[WhiteElo "2111"]
[BlackElo "1729"]
[PlyCount "60"]
[EventDate "2024.03.29"]
[EventType "team-swiss"]
[EventRounds "7"]
[EventCountry "IND"]
[SourceTitle "CB15_2024"]
[SourceDate "2024.04.10"]
[SourceVersion "1"]
[SourceVersionDate "2024.04.10"]
[SourceQuality "1"]
[WhiteTeam "Petroleum Sports PB (W)"]
[BlackTeam "Madhya Pradesh (W)"]
[WhiteTeamCountry "IND"]
[BlackTeamCountry "IND"]

1. d4 d5 2. c4 c6 3. Nf3 Bg4 4. Ne5 Be6 5. e3 Nd7 6. Nf3 dxc4 7. Nbd2 b5 8. Ng5 Ndf6 9. Nxe6 fxe6 10. Be2 g6 11. h4 Bg7 12. g4 Nd5 13. Nf3 Ngf6 14. g5 Nd7 15. h5 Qc7 16. h6 Bf8 17. e4 N5b6 18. e5 0-0-0 19. Qc2 c5 20. Be3 Nd5 21. a4 Nxe3 22. fxe3 Qa5+ 23. Kf2 Kb8 24. axb5 Qxb5 25. Bxc4 Qb6 26. Ra6 Qb4 27. Qb3 Qxb3 28. Bxb3 Kb7 29. Rha1 Ra8 30. Bxe6 cxd4 1-0

[Event "IND-chT (Women) 21st"]
[Site "Dharamshala"]
[Date "2024.03.30"]
[Round "2.1"]
[White "Vishwa, Vasnawala"]
[Black "Singh, Neha"]
[Result "1/2-1/2"]
[WhiteElo "2111"]
[BlackElo "1825"]
[PlyCount "43"]
[EventDate "2024.03.29"]
[EventType "team-swiss"]
[EventRounds "7"]
[EventCountry "IND"]
[SourceTitle "CB15_2024"]
[SourceDate "2024.04.10"]
[SourceVersion "1"]
[SourceVersionDate "2024.04.10"]
[SourceQuality "1"]
[WhiteTeam "Petroleum Sports PB (W)"]
[BlackTeam "Bihar (W) II"]
[WhiteTeamCountry "IND"]
[BlackTeamCountry "IND"]

1. d4 g6 2. c4 Nf6 3. g3 Bg7 4. Bg2 0-0 5. Nf3 d6 6. Nc3 Nbd7 7. 0-0 c5 8. d5 Re8 9. Qc2 a6 10. a4 b6 11. Rd1 Nf8 12. h3 h6 13. e4 Qc7 14. Be3 Rb8 15. Rab1 Bd7 16. Bf1 g5 17. Ne1 e6 18. dxe6 Nxe6 19. Nd5 Nxd5 20. cxd5 Nf8 21. b4 Qc8 22. bxc5 1/2-1/2

[Event "Budapest Vezerkepzo IM 11"]
[Site "Budapest"]
[Date "2023.11.19"]
[Round "4"]
[White "Vincenti, Leonardo"]
[Black "Vishwa, Vasnawala"]
[Result "1/2-1/2"]
[WhiteElo "2120"]
[BlackElo "2116"]
[PlyCount "176"]
[EventDate "2023.11.16"]
[EventType "tourn"]
[EventRounds "9"]
[EventCountry "HUN"]
[SourceTitle "CB48_2023"]
[SourceDate "2023.11.29"]
[SourceVersion "1"]
[SourceVersionDate "2023.11.29"]
[SourceQuality "1"]

1. e4 e5 2. Nf3 Nc6 3. Bb5 a6 4. Ba4 Nf6 5. 0-0 Be7 6. d3 b5 7. Bb3 d6 8. Bd2 0-0 9. h3 h6 10. Re1 Re8 11. a4 Bb7 12. axb5 axb5 13. Rxa8 Qxa8 14. Nc3 Qa6 15. Qa1 Nb4 16. Qxa6 Bxa6 17. Ra1 c5 18. Ne2 Ra8 19. Bxb4 cxb4 20. Nc1 Bd8 21. Na2 Bb7 22. Re1 Ba5 23. Nh4 Bc8 24. Ng6 Ra7 25. d4 Kh7 26. dxe5 Kxg6 27. exf6 Kxf6 28. Nc1 Be6 29. Re3 Bb6 30. Rf3+ Ke7 31. Bxe6 Ra1 32. Bb3 Rxc1+ 33. Kh2 f6 34. Kg3 Bd4 35. Rd3 Bc5 36. f3 Rg1 37. Rd2 Be3 38. Re2 Bd4 39. h4 g5 40. Rd2 Bc5 41. hxg5 hxg5 42. Bd5 Kd7 43. Kg4 Be3 44. Re2 Bd4 45. b3 Bc3 46. Kf5 Rf1 47. Be6+ Ke7 48. Bc8 Rd1 49. Ba6 Rd2 50. Bxb5 Rxe2 51. Bxe2 Kf7 52. Bc4+ Ke7 53. Kg4 Kd7 54. Kg3 Be1+ 55. Kh2 Bf2 56. Bd5 Kc7 57. Kh3 Bd4 58. Kg4 Kd7 59. Kf5 Ke7 60. Kg6 Bc3 61. Bb7 Ke6 62. Kh5 Kd7 63. Kg4 Ke6 64. Bd5+ Kd7 65. Kh3 Be5 66. g3 Ke7 67. Kg2 Kd7 68. Kf2 Bd4+ 69. Ke2 Be5 70. Kd2 Bxg3 71. c3 bxc3+ 72. Kxc3 Kc7 73. b4 Kb6 74. Kc4 Bf4 75. Be6 Be5 76. b5 Bf4 77. Bd7 Kc7 78. Bc6 Bg3 79. Kd5 Bf4 80. Ke6 Be5 81. Ke7 Bd4 82. Be8 Be5 83. Ke6 Bd4 84. Kd5 Be5 85. Kc4 Kb6 86. Kd5 Kc7 87. Kc4 Kb6 88. Kd5 Kc7 1/2-1/2

[Event "Budapest FS11 IM"]
[Site "Budapest"]
[Date "2023.11.11"]
[Round "7"]
[White "Vishwa, Vasnawala"]
[Black "Kushko, Dmitriy"]
[Result "0-1"]
[WhiteElo "2116"]
[BlackElo "2431"]
[PlyCount "98"]
[EventDate "2023.11.04"]
[EventType "tourn"]
[EventRounds "9"]
[EventCountry "HUN"]
[SourceTitle "CB47_2023"]
[SourceDate "2023.11.22"]
[SourceVersion "1"]
[SourceVersionDate "2023.11.22"]
[SourceQuality "1"]

1. d4 d5 2. c4 e6 3. Nf3 Nf6 4. g3 Be7 5. Bg2 Ne4 6. 0-0 f5 7. b3 Nc6 8. Bb2 h5 9. Nc3 h4 10. e3 hxg3 11. hxg3 Bd6 12. Nb5 a6 13. Nxd6+ cxd6 14. Re1 Qf6 15. Nd2 Bd7 16. Nf1 Qh6 17. cxd5 exd5 18. b4 g5 19. b5 axb5 20. Qb3 g4 21. Qxd5 Ne7 22. Qb3 Bc6 23. d5 Bxd5 24. Qxb5+ Bc6 25. Qb3 Nc5 26. Bxc6+ bxc6 27. Bxh8 Nxb3 28. axb3 Rb8 29. Bc3 Rxb3 30. Ra8+ Kf7 31. Bd2 Qe6 32. Ra7 Qe4 33. Rea1 Rb1 34. Rxb1 Qxb1 35. e4 Kf6 36. Bc3+ Ke6 37. exf5+ Nxf5 38. Ra8 d5 39. Rg8 d4 40. Bd2 c5 41. Rxg4 c4 42. Rg6+ Kd5 43. Rg5 c3 44. Bf4 Kc4 45. Kg2 Qe4+ 46. Kg1 Nh4 47. gxh4 Qxf4 48. Rg8 c2 49. Rc8+ Kd3 0-1

[Event "Budapest FS11 IM"]
[Site "Budapest"]
[Date "2023.11.06"]
[Round "3"]
[White "Tan, Jun Ying"]
[Black "Vishwa, Vasnawala"]
[Result "1-0"]
[WhiteElo "2326"]
[BlackElo "2116"]
[PlyCount "131"]
[EventDate "2023.11.04"]
[EventType "tourn"]
[EventRounds "9"]
[EventCountry "HUN"]
[SourceTitle "CB47_2023"]
[SourceDate "2023.11.22"]
[SourceVersion "1"]
[SourceVersionDate "2023.11.22"]
[SourceQuality "1"]

1. d4 d5 2. c4 e6 3. Nc3 Nf6 4. cxd5 exd5 5. Bg5 Be7 6. e3 0-0 7. Bd3 Re8 8. Nge2 Nbd7 9. 0-0 c6 10. Qc2 Nf8 11. f3 g6 12. Rad1 Ne6 13. Bh4 b5 14. Kh1 Bb7 15. Bf2 a6 16. Nf4 Nxf4 17. exf4 Bd6 18. f5 Qc7 19. g4 Kg7 20. Kg2 Rac8 21. Ne2 c5 22. dxc5 Bxc5 23. Rc1 Bb6 24. Qxc7 Bxc7 25. Rxc7 Rxc7 26. Bd4 Rce7 27. Ng3 Re3 28. Rd1 Re1 29. Rd2 Rc1 30. Ne2 Re1 31. g5 Bc8 32. Bxf6+ Kf8 33. Nd4 Bxf5 34. Nxf5 gxf5 35. Bxf5 R1e2+ 36. Rxe2 Rxe2+ 37. Kg3 Kg8 38. Bc8 a5 39. Ba6 d4 40. Bxd4 Rd2 41. Bf6 b4 42. Bb5 Rd5 43. Bc4 Rd2 44. a4 bxa3 45. bxa3 Rc2 46. Bb5 Rc8 47. a4 Kf8 48. h4 Kg8 49. h5 Kf8 50. h6 Kg8 51. Kf4 Kf8 52. Ke4 Kg8 53. Kd5 Rc2 54. Kd6 Rf2 55. Bc6 Rf1 56. Kc7 Rb1 57. Bb5 Rb3 58. f4 Re3 59. Kb6 Kf8 60. Kxa5 Re6 61. Bd3 Kg8 62. Kb5 Re3 63. Bc4 Kf8 64. a5 Ke8 65. a6 Ra3 66. Kb6 1-0

[Event "IND-ch (Women) 49th"]
[Site "Ahmedabad"]
[Date "2023.07.05"]
[Round "6"]
[White "Bristy, Mukherjee"]
[Black "Vishwa, Vasnawala"]
[Result "1/2-1/2"]
[WhiteElo "1873"]
[BlackElo "2181"]
[PlyCount "60"]
[EventDate "2023.06.30"]
[EventType "swiss"]
[EventRounds "11"]
[EventCountry "IND"]
[SourceTitle "CBM 215 Extra"]
[Source "ChessBase"]
[SourceDate "2023.09.30"]
[SourceVersion "1"]
[SourceVersionDate "2023.09.30"]
[SourceQuality "1"]

1. d4 d5 2. Nf3 Nf6 3. Bf4 e6 4. e3 Bd6 5. Bg3 c5 6. c3 Qc7 7. Nbd2 Nbd7 8. Bd3 0-0 9. 0-0 b6 10. Ne1 Bxg3 11. hxg3 e5 12. f4 cxd4 13. cxd4 e4 14. Be2 h5 15. Qb3 Qd6 16. Nc2 Rd8 17. Rfc1 Bb7 18. Qb4 Qe6 19. Na3 Nb8 20. Rc7 Nc6 21. Qc3 Rd7 22. f5 Qd6 23. Nb5 Qxg3 24. Nf1 Qg5 25. Rxb7 Rxb7 26. Qxc6 Rab8 27. Rc1 h4 28. Qd6 Qxf5 29. Qf4 Qxf4 30. exf4 Rd7 1/2-1/2

[Event "Belgrade Radnicki IM2 10"]
[Site "Belgrade"]
[Date "2022.10.30"]
[Round "9"]
[White "Vishwa, Vasnawala"]
[Black "Damljanovic, Branko"]
[Result "0-1"]
[WhiteElo "2199"]
[BlackElo "2436"]
[PlyCount "72"]
[EventDate "2022.10.22"]
[EventType "tourn"]
[EventRounds "9"]
[EventCountry "SRB"]
[SourceTitle "EXT 2024"]
[Source "ChessBase"]
[SourceDate "2023.10.10"]
[SourceVersion "1"]
[SourceVersionDate "2023.10.10"]
[SourceQuality "1"]

1. d4 Nf6 2. c4 d6 3. Nf3 g6 4. g3 Bg7 5. Bg2 0-0 6. Nc3 c6 7. 0-0 Qb6 8. e4 Bg4 9. h3 Bxf3 10. Bxf3 Nfd7 11. d5 Nc5 12. Qe2 Nbd7 13. Be3 Qb4 14. Rac1 Ne5 15. Bxc5 Qxc5 16. b3 Qb4 17. Bg2 Nd7 18. Qc2 a6 19. dxc6 bxc6 20. Na4 Bd4 21. Rcd1 e5 22. Kh2 c5 23. Nb2 Rae8 24. Nd3 Qb6 25. f4 exf4 26. Nxf4 Nf6 27. Rde1 a5 28. Nd3 Nd7 29. Nf4 Qd8 30. Nd5 Be5 31. Qd2 h5 32. Qh6 h4 33. Nf4 hxg3+ 34. Kxg3 g5 35. Kf2 Bxf4 36. Bf3 Re6 0-1

[Event "Belgrade Radnicki IM 10"]
[Site "Belgrade"]
[Date "2022.10.20"]
[Round "9"]
[White "Akbas, Umut Ata"]
[Black "Vishwa, Vasnawala"]
[Result "1-0"]
[WhiteElo "2292"]
[BlackElo "2199"]
[PlyCount "41"]
[EventDate "2022.10.13"]
[EventType "tourn"]
[EventRounds "9"]
[EventCountry "SRB"]
[SourceTitle "CBM 210 Extra"]
[Source "ChessBase"]
[SourceDate "2022.11.30"]
[SourceVersion "1"]
[SourceVersionDate "2022.11.30"]
[SourceQuality "1"]

1. d4 d5 2. c4 dxc4 3. Nc3 e5 4. d5 Nf6 5. e4 c6 6. Bg5 Bc5 7. Bxc4 b5 8. Bd3 b4 9. Na4 Bd4 10. Nf3 c5 11. Nxd4 cxd4 12. f4 Qa5 13. fxe5 Ng4 14. Rc1 Na6 15. Rxc8+ Rxc8 16. Qxg4 Rb8 17. b3 Nc5 18. Nxc5 Qxc5 19. 0-0 Qc3 20. Rxf7 Qe1+ 21. Bf1 1-0

[Event "Belgrade Radnicki IM 10"]
[Site "Belgrade"]
[Date "2022.10.17"]
[Round "6"]
[White "Dimitrijeski, Boris"]
[Black "Vishwa, Vasnawala"]
[Result "1/2-1/2"]
[WhiteElo "2243"]
[BlackElo "2199"]
[PlyCount "57"]
[EventDate "2022.10.13"]
[EventType "tourn"]
[EventRounds "9"]
[EventCountry "SRB"]
[SourceTitle "CBM 210 Extra"]
[Source "ChessBase"]
[SourceDate "2022.11.30"]
[SourceVersion "1"]
[SourceVersionDate "2022.11.30"]
[SourceQuality "1"]

1. d4 d5 2. c4 e6 3. Nc3 Nf6 4. cxd5 exd5 5. Bg5 Be7 6. e3 0-0 7. Bd3 Re8 8. Nge2 Nbd7 9. 0-0 c6 10. Qc2 Nf8 11. f3 g6 12. a4 Ne6 13. Bh4 b6 14. Rad1 Bb7 15. Nf4 Nxf4 16. exf4 Qd6 17. f5 Nh5 18. Bf2 Nf4 19. Bg3 Qb4 20. fxg6 hxg6 21. Bf5 Bg5 22. Bxf4 Bxf4 23. Bxg6 Be3+ 24. Kh1 fxg6 25. Qxg6+ Kh8 26. Qf6+ Kg8 27. Qg6+ Kf8 28. Qf6+ Kg8 29. Qg6+ 1/2-1/2

[Event "Belgrade Radnicki IM 10"]
[Site "Belgrade"]
[Date "2022.10.14"]
[Round "2"]
[White "Saypuri, Srithan"]
[Black "Vishwa, Vasnawala"]
[Result "1/2-1/2"]
[WhiteElo "2172"]
[BlackElo "2199"]
[PlyCount "62"]
[EventDate "2022.10.13"]
[EventType "tourn"]
[EventRounds "9"]
[EventCountry "SRB"]
[SourceTitle "CBM 210 Extra"]
[Source "ChessBase"]
[SourceDate "2022.11.30"]
[SourceVersion "1"]
[SourceVersionDate "2022.11.30"]
[SourceQuality "1"]

1. e4 e5 2. Nf3 Nc6 3. Bb5 a6 4. Ba4 Nf6 5. 0-0 Be7 6. Re1 b5 7. Bb3 d6 8. c3 0-0 9. h3 Nb8 10. d4 Nbd7 11. Nbd2 Bb7 12. Bc2 Re8 13. Nf1 Bf8 14. Ng3 g6 15. Bd2 Bg7 16. Qc1 d5 17. Bg5 Qc8 18. dxe5 Nxe4 19. Bf4 Ndc5 20. Nd4 Nxg3 21. Bxg3 Ne4 22. Bf4 Qd7 23. Nb3 f6 24. e6 Qc6 25. Na5 Qb6 26. Be3 c5 27. Nxb7 Qxb7 28. f3 Ng5 29. Bxg5 fxg5 30. Qxg5 Qc6 31. Rad1 Rad8 1/2-1/2

[Event "Olympiad Women-44"]
[Site "Chennai"]
[Date "2022.08.05"]
[Round "7.4"]
[White "Stoeri, Laura"]
[Black "Vishwa, Vasnawala"]
[Result "1/2-1/2"]
[WhiteElo "2084"]
[BlackElo "2305"]
[PlyCount "172"]
[EventDate "2022.07.29"]
[EventType "team-swiss"]
[EventRounds "11"]
[EventCountry "IND"]
[SourceTitle "CBM 210"]
[Source "ChessBase"]
[SourceDate "2022.10.31"]
[SourceVersion "1"]
[SourceVersionDate "2022.10.31"]
[SourceQuality "1"]
[WhiteTeam "Switzerland (W)"]
[BlackTeam "India (W) III"]
[WhiteTeamCountry "SUI"]
[BlackTeamCountry "IND"]

1. e4 e5 2. Nf3 Nc6 3. Bb5 a6 4. Ba4 Nf6 5. d3 b5 6. Bb3 Bc5 7. a4 Rb8 8. 0-0 d6 9. axb5 axb5 10. h3 0-0 11. Nc3 h6 12. Re1 Ne7 13. Qe2 Ng6 14. Be3 Bxe3 15. Qxe3 b4 16. Ne2 c5 17. Nd2 Nh5 18. Nc4 Nhf4 19. Qg3 Kh8 20. Ra7 Qf6 21. Ne3 Nh5 22. Qh2 Nh4 23. Ng4 Qg6 24. Kh1 f5 25. exf5 Bxf5 26. Ng3 Bxg4 27. hxg4 Qxg4 28. Nxh5 Qxh5 29. Re4 Qd1+ 30. Qg1 Qh5 31. Qh2 Qd1+ 32. Qg1 Qxg1+ 33. Kxg1 Nf5 34. Bd5 Rf6 35. Rg4 Rbf8 36. c3 bxc3 37. bxc3 g5 38. Rga4 Rg6 39. R4a6 Rg7 40. g4 Ne7 41. Ra8 Rxa8 42. Rxa8+ Ng8 43. Rd8 Kh7 44. Be4+ Kh8 45. Rxd6 Rc7 46. c4 Kg7 47. Re6 Re7 48. Rc6 Nf6 49. f3 Nxe4 50. dxe4 Rd7 51. Rxc5 Rd3 52. Kf2 Rc3 53. Rc6 Rc2+ 54. Ke3 Rc3+ 55. Ke2 Rc2+ 56. Kd3 Rf2 57. Ke3 Ra2 58. Rd6 Rc2 59. Rc6 Ra2 60. Rc5 Ra3+ 61. Ke2 Ra2+ 62. Ke3 Ra3+ 63. Kf2 Ra2+ 64. Kg3 Kf6 65. Rc8 Rc2 66. c5 Kf7 67. Rc6 Kg7 68. Rc7+ Kf6 69. Rc6+ Kg7 70. Rc8 Kf6 71. c6 Kf7 72. c7 Kg7 73. Re8 Rxc7 74. Rxe5 Rc2 75. Rd5 Re2 76. Rd6 Kh7 77. Rd3 Kg6 78. Rd6+ Kg7 79. Rd1 Kf6 80. Rh1 Kg6 81. Rf1 Kf6 82. Rh1 Kg6 83. Rh2 Re3 84. Kf2 Ra3 85. Rh1 Ra2+ 86. Kg3 Re2 1/2-1/2

[Event "Paracin op-A 15th"]
[Site "Paracin"]
[Date "2022.07.09"]
[Round "2"]
[White "Vishwa, Vasnawala"]
[Black "Georgoulias, Dionisios"]
[Result "1-0"]
[WhiteElo "2305"]
[BlackElo "1904"]
[PlyCount "169"]
[EventDate "2022.07.08"]
[EventType "swiss"]
[EventRounds "9"]
[EventCountry "SRB"]
[SourceTitle "EXT 2023"]
[Source "ChessBase"]
[SourceDate "2022.10.05"]
[SourceVersion "1"]
[SourceVersionDate "2022.10.05"]
[SourceQuality "1"]

1. d4 d5 2. c4 dxc4 3. Nf3 Nf6 4. e3 e6 5. Bxc4 c5 6. 0-0 a6 7. dxc5 Qxd1 8. Rxd1 Bxc5 9. Be2 0-0 10. Nbd2 Rd8 11. Ne5 Bd7 12. Nb3 Bb6 13. Bf3 Nc6 14. Nc4 Ba7 15. Nd6 Rab8 16. Nxb7 Rxb7 17. Bxc6 Rc7 18. Bxd7 Rcxd7 19. Rxd7 Rxd7 20. Bd2 Ne4 21. Rc1 f5 22. Be1 Kf7 23. Kf1 Bb6 24. Ke2 Rb7 25. Rc2 Nf6 26. Nc1 e5 27. b4 Ke6 28. Nb3 Nd7 29. a4 Kd5 30. Bd2 Rc7 31. Rxc7 Bxc7 32. Kd3 e4+ 33. Kc2 Bxh2 34. Nd4 f4 35. Ne2 fxe3 36. Bxe3 Be5 37. Kb3 Bf6 38. b5 axb5 39. axb5 Bd8 40. Nc3+ Ke5 41. Kc4 g5 42. Bd4+ Kf5 43. Kd5 Nf6+ 44. Bxf6 Bxf6 45. Nxe4 Bd8 46. Nd6+ Kf4 47. Nc4 h5 48. Ke6 h4 49. Kd7 Bf6 50. b6 Bd4 51. b7 Ba7 52. Kc8 g4 53. g3+ Kf3 54. gxh4 Kxf2 55. Ne5 g3 56. Nc6 g2 57. Nxa7 g1Q 58. b8Q Qg4+ 59. Kb7 Qxh4 60. Qf8+ Kg2 61. Qg7+ Qg3 62. Qb2+ Qf2 63. Qe5 Qg3 64. Qe2+ Qf2 65. Qc4 Qf1 66. Qg4+ Kh2 67. Nc6 Qh3 68. Qf4+ Qg3 69. Qd4 Qf3 70. Kb6 Qb3+ 71. Kc7 Qf7+ 72. Kd6 Qg6+ 73. Kd5 Qf7+ 74. Kc5 Qe6 75. Ne5 Qc8+ 76. Kb4 Qb7+ 77. Kc3 Kg3 78. Qg4+ Kf2 79. Nd3+ Kf1 80. Qf4+ Kg1 81. Qf2+ Kh1 82. Qf1+ Kh2 83. Qf4+ Kg1 84. Qe3+ Kf1 85. Qf2# 1-0

[Event "Paracin op-A 15th"]
[Site "Paracin"]
[Date "2022.07.09"]
[Round "3"]
[White "Vishwa, Vasnawala"]
[Black "Gundavaa, Bayarsaihan"]
[Result "1/2-1/2"]
[WhiteElo "2305"]
[BlackElo "2503"]
[PlyCount "40"]
[EventDate "2022.07.08"]
[EventType "swiss"]
[EventRounds "9"]
[EventCountry "SRB"]
[SourceTitle "CBM 209 Extra"]
[Source "ChessBase"]
[SourceDate "2022.09.30"]
[SourceVersion "1"]
[SourceVersionDate "2022.09.30"]
[SourceQuality "1"]

1. d4 Nf6 2. c4 c6 3. Nf3 d5 4. e3 Bf5 5. Nc3 e6 6. Nh4 Be4 7. f3 Bg6 8. Qb3 Qc7 9. Bd2 Be7 10. cxd5 cxd5 11. Nxg6 hxg6 12. 0-0-0 Nc6 13. Kb1 Rb8 14. g4 a6 15. h4 Nd7 16. Be1 Nb6 17. e4 Rd8 18. e5 Nc4 19. Bxc4 dxc4 20. Qxc4 b5 1/2-1/2

[Event "Arandjelovac ASK-7 IM"]
[Site "Arandjelovac"]
[Date "2022.03.05"]
[Round "8"]
[White "Vishwa, Vasnawala"]
[Black "Ostojic, Nikola"]
[Result "1-0"]
[WhiteElo "2115"]
[BlackElo "2309"]
[PlyCount "50"]
[EventDate "2022.02.28"]
[EventType "swiss"]
[EventRounds "9"]
[EventCountry "SRB"]
[SourceTitle "CBM 207 Extra"]
[Source "ChessBase"]
[SourceDate "2022.05.31"]
[SourceVersion "1"]
[SourceVersionDate "2022.05.31"]
[SourceQuality "1"]

1. d4 g6 2. c4 Bg7 3. g3 c5 4. d5 d6 5. Nc3 Na6 6. Bg2 Nc7 7. Nf3 a6 8. a4 b6 9. 0-0 Rb8 10. e4 b5 11. axb5 axb5 12. cxb5 Bd7 13. Bf4 f6 14. h4 Nh6 15. Qd2 Nf7 16. Ra7 0-0 17. Rfa1 Nxb5 18. Nxb5 Bxb5 19. Bh3 Ne5 20. Bxe5 dxe5 21. Be6+ Kh8 22. h5 g5 23. h6 Bxh6 24. Nh4 gxh4 25. Qxh6 Be8 1-0

[Event "Arandjelovac ASK-7 IM"]
[Site "Arandjelovac"]
[Date "2022.03.02"]
[Round "4"]
[White "Vishwa, Vasnawala"]
[Black "Amitpal, Singh"]
[Result "1/2-1/2"]
[WhiteElo "2115"]
[BlackElo "2102"]
[PlyCount "45"]
[EventDate "2022.02.28"]
[EventType "swiss"]
[EventRounds "9"]
[EventCountry "SRB"]
[SourceTitle "CBM 207 Extra"]
[Source "ChessBase"]
[SourceDate "2022.05.31"]
[SourceVersion "1"]
[SourceVersionDate "2022.05.31"]
[SourceQuality "1"]

1. d4 Nf6 2. c4 g6 3. g3 Bg7 4. Nc3 d6 5. Bg2 0-0 6. Nf3 c5 7. d5 e6 8. 0-0 Re8 9. dxe6 Bxe6 10. Ng5 Bxc4 11. Bxb7 Nbd7 12. Qxd6 h6 13. Bxa8 Qxa8 14. Nf3 Rxe2 15. Qf4 Nd5 16. Qxc4 Nxc3 17. Qd3 Qd5 18. Rd1 Bd4 19. bxc3 Ne5 20. Qxe2 Nxf3+ 21. Kf1 Nxh2+ 22. Kg1 Nf3+ 23. Kf1 1/2-1/2

[Event "Arandjelovac ASK-6 IM"]
[Site "Arandjelovac"]
[Date "2022.02.26"]
[Round "8"]
[White "Ilincic, Zlatko"]
[Black "Vishwa, Vasnawala"]
[Result "1/2-1/2"]
[WhiteElo "2331"]
[BlackElo "2115"]
[PlyCount "94"]
[EventDate "2022.02.21"]
[EventType "swiss"]
[EventRounds "9"]
[EventCountry "SRB"]
[SourceTitle "CBM 207 Extra"]
[Source "ChessBase"]
[SourceDate "2022.05.31"]
[SourceVersion "1"]
[SourceVersionDate "2022.05.31"]
[SourceQuality "1"]

1. d4 d5 2. g3 Nf6 3. Nf3 Bg4 4. Ne5 Bf5 5. f3 h5 6. c4 c6 7. Nc3 Nbd7 8. Qb3 Qb6 9. Nxd7 Bxd7 10. c5 Qxb3 11. axb3 a6 12. b4 g6 13. e4 e6 14. Bf4 Be7 15. e5 Ng8 16. b5 cxb5 17. Bxb5 Rc8 18. Bxd7+ Kxd7 19. b4 g5 20. Be3 Nh6 21. Ke2 f6 22. exf6 Bxf6 23. b5 Nf5 24. Kd3 axb5 25. Nxb5 Nxe3 26. Kxe3 e5 27. Rhb1 exd4+ 28. Nxd4 Rhe8+ 29. Kd3 Rxc5 30. Rxb7+ Rc7 31. Rb5 Rec8 32. Rxd5+ Ke7 33. Re1+ Kf7 34. Nb5 Rc5 35. Nd6+ Kg6 36. Rxc5 Rxc5 37. Re6 Re5 38. Rxe5 Bxe5 39. Nc4 Bc7 40. Ke4 Kf6 41. Ne3 Bd6 42. Nf5 Bc5 43. h3 Bf2 44. f4 Be1 45. g4 hxg4 46. hxg4 gxf4 47. Kxf4 Bd2+ 1/2-1/2

[Event "Arandjelovac ASK-6 IM"]
[Site "Arandjelovac"]
[Date "2022.02.24"]
[Round "5"]
[White "Markovic, Miroslav"]
[Black "Vishwa, Vasnawala"]
[Result "0-1"]
[WhiteElo "2286"]
[BlackElo "2115"]
[PlyCount "44"]
[EventDate "2022.02.21"]
[EventType "swiss"]
[EventRounds "9"]
[EventCountry "SRB"]
[SourceTitle "CBM 207 Extra"]
[Source "ChessBase"]
[SourceDate "2022.05.31"]
[SourceVersion "1"]
[SourceVersionDate "2022.05.31"]
[SourceQuality "1"]

1. e4 e5 2. Nf3 Nc6 3. Bc4 Bc5 4. 0-0 Nf6 5. d4 Bxd4 6. Nxd4 Nxd4 7. Bg5 Rg8 8. f4 d6 9. fxe5 dxe5 10. c3 Ne6 11. Qxd8+ Kxd8 12. Bxf6+ gxf6 13. Rxf6 Ke7 14. Rh6 Ng5 15. Nd2 Rd8 16. Nf1 Rd6 17. Rh5 Kf6 18. h4 Nxe4 19. Re1 Bf5 20. Bxf7 Rf8 21. g4 Bxg4 22. Rxh7 Bf5 0-1

[Event "Arandjelovac ASK-3 IM"]
[Site "Arandjelovac"]
[Date "2021.12.23"]
[Round "6"]
[White "Ostojic, Nikola"]
[Black "Vishwa, Vasnawala"]
[Result "0-1"]
[WhiteElo "2327"]
[BlackElo "2047"]
[PlyCount "50"]
[EventDate "2021.12.19"]
[EventType "tourn"]
[EventRounds "9"]
[EventCountry "SRB"]
[SourceTitle "CBM 205 Extra"]
[Source "ChessBase"]
[SourceDate "2022.01.31"]
[SourceVersion "1"]
[SourceVersionDate "2022.01.31"]
[SourceQuality "1"]

1. b3 a5 2. c4 e5 3. Bb2 Nc6 4. Nc3 Nf6 5. g3 d5 6. cxd5 Nxd5 7. Bg2 Be6 8. Nf3 f6 9. 0-0 Bc5 10. Rc1 Nxc3 11. Bxc3 Qe7 12. d3 0-0 13. Nd2 Rfd8 14. Bxc6 bxc6 15. Qc2 Ba3 16. Rb1 Bd5 17. Rfd1 Qf7 18. Ne4 Qh5 19. f3 f5 20. Nf2 Bc5 21. Be1 Be3 22. Kg2 Rd6 23. h3 Rh6 24. Kf1 f4 25. g4 Qh4 0-1

[Event "Belgrade Radnicki IM T2 12"]
[Site "Belgrade"]
[Date "2021.12.15"]
[Round "3"]
[White "Abramovic, Bosko"]
[Black "Vishwa, Vasnawala"]
[Result "1/2-1/2"]
[WhiteElo "2274"]
[BlackElo "2047"]
[PlyCount "58"]
[EventDate "2021.12.13"]
[EventType "tourn"]
[EventRounds "9"]
[EventCountry "SRB"]
[SourceTitle "CBM 205 Extra"]
[Source "ChessBase"]
[SourceDate "2022.01.31"]
[SourceVersion "1"]
[SourceVersionDate "2022.01.31"]
[SourceQuality "1"]

1. Nf3 d5 2. g3 c6 3. Bg2 Bg4 4. d3 Nd7 5. Nbd2 e5 6. e4 Ngf6 7. 0-0 dxe4 8. dxe4 Bc5 9. h3 Bh5 10. Qe1 0-0 11. Nc4 Re8 12. Bd2 Qc7 13. a4 b5 14. Na5 Nb6 15. b3 Nfd7 16. Nh4 f6 17. Nf5 Bf8 18. axb5 cxb5 19. Ne3 Rac8 20. Bb4 a6 21. Bxf8 Nxf8 22. c4 Ne6 23. g4 Bf7 24. Nd5 Qb8 25. Qe3 Nd4 26. Rfc1 Nd7 27. Bf1 bxc4 28. Bxc4 Nb6 29. Nxb6 Qxb6 1/2-1/2

[Event "Belgrade Radnicki IM T2 12"]
[Site "Belgrade"]
[Date "2021.12.14"]
[Round "2"]
[White "Vishwa, Vasnawala"]
[Black "Khubukshanov, Erdem"]
[Result "0-1"]
[WhiteElo "2047"]
[BlackElo "2368"]
[PlyCount "78"]
[EventDate "2021.12.13"]
[EventType "tourn"]
[EventRounds "9"]
[EventCountry "SRB"]
[SourceTitle "CBM 205 Extra"]
[Source "ChessBase"]
[SourceDate "2022.01.31"]
[SourceVersion "1"]
[SourceVersionDate "2022.01.31"]
[SourceQuality "1"]

1. d4 d5 2. c4 e6 3. g3 c6 4. Bg2 dxc4 5. Nf3 Nd7 6. Nfd2 Nb6 7. e3 Qc7 8. 0-0 Nf6 9. Qe2 e5 10. dxe5 Qxe5 11. Nxc4 Qb5 12. b3 Bg4 13. Qc2 Be7 14. Nc3 Qh5 15. Nxb6 axb6 16. Na4 Nd7 17. Bb2 b5 18. Nc3 Ne5 19. f4 Nf3+ 20. Bxf3 Bxf3 21. Ne4 0-0 22. Qc3 f6 23. Nd2 Be2 24. Rf2 Rfd8 25. Re1 b4 26. Qc1 Bd3 27. Nf3 c5 28. Rd1 b5 29. Ba1 Be4 30. Rxd8+ Rxd8 31. Nd2 Bb7 32. Qc2 Qd5 33. e4 Qc6 34. Re2 c4 35. bxc4 bxc4 36. Nf3 c3 37. a3 Ra8 38. Qb3+ Kh8 39. Qf7 c2 0-1